Korela : něžná, chytrá, fit /

Hlavní autor: Kolar, Kurt, 1933-1999
Jazyk: Čeština
Vydáno: Praha : Grada, 2006
Vydání: 1. vyd.
Edice: Tip
Témata:
Fyzický popis: 62 s. : barev. il. ; 22 cm
Knihy
Uloženo v:
LEADER 01538nam a2200469 a 4500
001 nkc20051636469
003 CZ PrNK
005 20170629095110.0
007 ta
008 051228s2006 xr a e f 001 0 cze
015 |a cnb001636469 
020 |a 80-247-1657-7  |q (brož.) 
035 |a (OCoLC)85544053 
040 |a OLA001  |b cze  |d BOA001  |d ABA001 
041 1 |a cze  |h ger 
072 7 |a 636  |x Chov zvířat. Živočišná výroba  |2 Konspekt  |9 24 
080 |a 598.271.5  |2 MRF 
080 |a 636.68.08  |2 MRF 
080 |a (035)  |2 MRF 
100 1 |a Kolar, Kurt,  |d 1933-1999  |7 jn20001005556  |4 aut 
245 1 0 |a Korela :  |b něžná, chytrá, fit /  |c Kurt Kolar 
246 1 |i Název v tiráži:  |a Korela - něžná, chytrá, fit 
250 |a 1. vyd. 
260 |a Praha :  |b Grada,  |c 2006 
300 |a 62 s. :  |b barev. il. ;  |c 22 cm 
490 1 |a Tip 
500 |a Přeloženo z němčiny 
500 |a Název z obálky 
504 |a Obsahuje bibliografii a rejstřík 
650 0 7 |a korela chocholatá  |7 ph121870  |2 czenas 
650 0 7 |a chov okrasných ptáků  |7 ph920859  |2 czenas 
650 0 9 |a cockatiel  |2 eczenas 
650 0 9 |a keeping of ornamental birds  |2 eczenas 
655 7 |a příručky  |7 fd133209  |2 czenas 
655 9 |a handbooks and manuals  |2 eczenas 
765 0 |t Nymphensittiche - zärtlich, clever, fit  |9 Česky 
830 0 |a Tip  |0 s 
910 2 |a BOA001  |b 2-1171.456 
990 |a BK 
995 |a 01 
991 |b 200607  |c NOV 
996 6 |b 2610285586  |c 2-1171.456  |l MZK  |r Sklad / do 1 hodiny  |n 0  |p p.v.  |w 000821442  |u 000010  |a 1  |e BOA001  |j MZK50  |s P